00343pam a2200121 a 4500020002000000041000500020082001700025100001900042245010000061250000900161260003000170300002100200 a0-8016-7729-7c h a617.643bEPK aEpker ,eB.N., aDentofacial Deformities Integrated Othodontic and Surgical Correction Vol- IhTextual Documents a2nd. aMissouri:bMosby.,c1995. a568:c28.5x22.5.